[Event "Gibraltar Masters 10th"]
[Site "Caleta"]
[Date "2012.01.29"]
[Round "6"]
[White "Huschenbeth, Niclas"]
[Black "Ali, Sebbar"]
[Result "0-1"]
[WhiteElo "2518"]
[BlackElo "2292"]
[PlyCount "228"]
[EventDate "2012.01.24"]
[EventType "swiss"]
[EventRounds "10"]
[EventCountry "GGB"]
[SourceTitle "CBM 147"]
[Source "ChessBase"]
[SourceDate "2012.03.16"]
[SourceVersion "1"]
[SourceVersionDate "2012.03.16"]
[SourceQuality "1"]

1. e4 c5 2. Nf3 Nc6 3. d4 cxd4 4. Nxd4 Nf6 5. Nc3 d6 6. Bg5 Bd7 7. Qd2 Rc8 8. f3 Nxd4 9. Qxd4 Qa5 10. h4 h6 11. Be3 a6 12. 0-0-0 e5 13. Qa7 Qc7 14. g4 Be6 15. Rh2 Be7 16. Qb6 Qb8 17. Nd5 Bxd5 18. exd5 Nd7 19. Qb4 b5 20. Qd2 Bd8 21. g5 hxg5 22. hxg5 Rxh2 23. Qxh2 Bb6 24. Bd2 g6 25. Bd3 Ke7 26. Rh1 Qa7 27. Re1 Qa8 28. Be4 Rh8 29. Qg2 Qa7 30. f4 Bf2 31. Re2 Bg1 32. fxe5 Nxe5 33. Qf1 Rh2 34. Bg2 Kf8 35. Qf6 Qc5 36. b4 Qc7 37. Rxe5 dxe5 38. d6 Qd7 39. Qxe5 Qe6 40. Qxe6 fxe6 41. Bb7 Bd4 42. c3 Be5 43. d7 Ke7 44. Bxa6 Kxd7 45. Bxb5+ Kd6 46. a4 Rh1+ 47. Kc2 Rh2 48. Kd3 Rh3+ 49. Kc4 Rh4+ 50. Kb3 Rh2 51. Bc1 Rh1 52. Bb2 Rg1 53. a5 Rxg5 54. Bd3 Kc7 55. b5 Bd6 56. Bc1 Rd5 57. Kc2 Rh5 58. Be3 Bc5 59. Bf4+ Kc8 60. Bxg6 Rh4 61. Be5 Ra4 62. a6 Rg4 63. Bf7 Kd7 64. Bb8 Rg7 65. Bh5 Kc8 66. Bf4 e5 67. Bc1 Kc7 68. Kd3 Kb6 69. Be8 e4+ 70. Kc4 e3 71. Bh5 Rh7 72. Be2 Rh4+ 73. Kd5 Ra4 74. a7 Rxa7 75. Ke4 Rh7 76. c4 Rh4+ 77. Kd3 Rd4+ 78. Kc2 Rd8 79. Bf3 Rh8 80. Be2 Rd8 81. Bd3 Ka5 82. Bb2 Bb4 83. Bc1 Re8 84. Be2 Bc5 85. Bb2 Kb6 86. Bc3 Kc7 87. Kd3 Ra8 88. Bd4 Kb6 89. Bc3 Ra3 90. Kc2 Ra2+ 91. Kd3 Kc7 92. Be5+ Kd7 93. Bc3 Ke6 94. Bg4+ Kd6 95. Be2 Ra3 96. Kc2 Ke6 97. Bg4+ Kf7 98. Bh5+ Kg8 99. Bb2 Ra2 100. Kb3 Ra7 101. Kc2 Kh7 102. Bf3 Kg6 103. Kd3 Kf5 104. Bc3 Kf4 105. Bh5 Ra3 106. Kc2 Kg3 107. Be1+ Kg2 108. Kb2 Ra8 109. Be2 Rh8 110. Kc2 Rh1 111. Ba5 Ra1 112. Bc3 Ra2+ 113. Kd3 Kf2 114. Bg4 Ra3 0-1

[Event "Gibraltar Masters 10th"]
[Site "Caleta"]
[Date "2012.01.27"]
[Round "4"]
[White "Kakulia, Shalva"]
[Black "Ali, Sebbar"]
[Result "0-1"]
[WhiteElo "2133"]
[BlackElo "2292"]
[PlyCount "72"]
[EventDate "2012.01.24"]
[EventType "swiss"]
[EventRounds "10"]
[EventCountry "GGB"]
[SourceTitle "CBM 147"]
[Source "ChessBase"]
[SourceDate "2012.03.16"]
[SourceVersion "1"]
[SourceVersionDate "2012.03.16"]
[SourceQuality "1"]

1. e4 c5 2. c3 d5 3. exd5 Qxd5 4. d4 cxd4 5. cxd4 Nc6 6. Be3 e5 7. Nc3 Bb4 8. dxe5 Qxe5 9. Rc1 Nf6 10. Nf3 Qe7 11. a3 Bc5 12. Nb5 Bxe3 13. Nd6+ Kf8 14. fxe3 Bg4 15. Nc4 Rd8 16. Qe2 g6 17. h3 Ne4 18. hxg4 Ng3 19. Qc2 Nxh1 20. Qc3 Kg8 21. b4 a6 22. Be2 h5 23. g5 Kh7 24. Qf6 Rhe8 25. Qf4 Kg8 26. Rc3 Qe4 27. Qxe4 Rxe4 28. Nfd2 Re7 29. e4 h4 30. Rh3 Ng3 31. Rxh4 Nd4 32. Bf3 Ngf5 33. Rh3 b5 34. Kf2 bxc4 35. exf5 Nxf3 36. f6 Rxd2+ 0-1

[Event "Gibraltar Masters 10th"]
[Site "Caleta"]
[Date "2012.01.24"]
[Round "1"]
[White "Ali, Sebbar"]
[Black "Jussupow, Artur"]
[Result "0-1"]
[WhiteElo "2292"]
[BlackElo "2569"]
[PlyCount "120"]
[EventDate "2012.01.24"]
[EventType "swiss"]
[EventRounds "10"]
[EventCountry "GGB"]
[SourceTitle "CBM 147"]
[Source "ChessBase"]
[SourceDate "2012.03.16"]
[SourceVersion "1"]
[SourceVersionDate "2012.03.16"]
[SourceQuality "1"]

1. e4 e6 2. d4 d5 3. Nd2 c5 4. exd5 exd5 5. Ngf3 Nc6 6. Bb5 Bd6 7. dxc5 Bxc5 8. 0-0 Nge7 9. Nb3 Bd6 10. Re1 0-0 11. Bd3 h6 12. h3 Nb4 13. Be2 Bf5 14. Nbd4 Bg6 15. c3 Nbc6 16. Be3 a6 17. Qd2 Qc7 18. Bd3 Be4 19. Qc2 Bxd3 20. Qxd3 Rad8 21. Re2 Ng6 22. Rae1 Qc8 23. Nf5 Bb8 24. Qc2 Rde8 25. Bc5 Rxe2 26. Rxe2 Re8 27. Rxe8+ Qxe8 28. Bd6 Ba7 29. Qb3 Qe4 30. Ng3 Qe6 31. Qa3 d4 32. Bc5 dxc3 33. Bxa7 Nxa7 34. Qxc3 Nb5 35. Qa5 Nf4 36. Qd8+ Kh7 37. Qd2 Qd6 38. Qxd6 Nxd6 39. Nd2 Kg6 40. Kf1 f5 41. Ne2 Nd3 42. b3 Kf6 43. Nc3 Nb5 44. Nxb5 axb5 45. Ke2 Nc1+ 46. Ke3 Nxa2 47. Kd4 g5 48. Kc5 b4 49. Nc4 Nc1 50. Kxb4 Nd3+ 51. Ka5 Nxf2 52. Nd6 g4 53. Nxb7 g3 54. Nc5 f4 55. b4 f3 56. gxf3 g2 57. b5 g1Q 58. b6 Qg3 59. Kb4 Qd6 60. b7 Nd3+ 0-1

[Event "Arab Games blitz"]
[Site "Doha"]
[Date "2011.12.10"]
[Round "3"]
[White "Al Sayed, Mohammed"]
[Black "Ali, Sebbar"]
[Result "1-0"]
[WhiteElo "2514"]
[BlackElo "2290"]
[PlyCount "73"]
[EventDate "2011.12.10"]
[EventType "swiss (blitz)"]
[EventRounds "9"]
[EventCountry "QAT"]
[SourceTitle "CBM 145 Extra"]
[Source "ChessBase"]
[SourceDate "2012.01.03"]
[SourceVersion "1"]
[SourceVersionDate "2012.01.03"]
[SourceQuality "1"]

1. d4 Nf6 2. c3 d5 3. Bg5 Bf5 4. Nd2 c6 5. e3 e6 6. Qb3 Qb6 7. Bxf6 gxf6 8. Ngf3 Nd7 9. Be2 Bd6 10. c4 Qxb3 11. axb3 a6 12. c5 Bc7 13. b4 Ke7 14. Nb1 Bxb1 15. Rxb1 f5 16. g3 Nf6 17. Bd3 Ne4 18. Ke2 Rhg8 19. Ra1 Rac8 20. Rhg1 Rg6 21. h4 h5 22. Bxe4 fxe4 23. Ng5 f6 24. Nh3 Rcg8 25. Raf1 e5 26. Rd1 exd4 27. exd4 Rg4 28. Rdf1 e3 29. Kxe3 Re4+ 30. Kd3 Rgg4 31. Re1 Kd7 32. Rxe4 Rxe4 33. Rd1 a5 34. bxa5 Bxa5 35. Nf4 Bc7 36. Nxh5 Ke6 37. f3 1-0

[Event "Arab Games blitz"]
[Site "Doha"]
[Date "2011.12.10"]
[Round "2"]
[White "Khader, Sami"]
[Black "Ali, Sebbar"]
[Result "0-1"]
[WhiteElo "2404"]
[BlackElo "2290"]
[PlyCount "89"]
[EventDate "2011.12.10"]
[EventType "swiss (blitz)"]
[EventRounds "9"]
[EventCountry "QAT"]
[SourceTitle "CBM 145 Extra"]
[Source "ChessBase"]
[SourceDate "2012.01.03"]
[SourceVersion "1"]
[SourceVersionDate "2012.01.03"]
[SourceQuality "1"]

1. d4 Nf6 2. c4 g6 3. Nc3 Bg7 4. e4 0-0 5. Nge2 d6 6. Ng3 h5 7. h4 c5 8. d5 Nbd7 9. Be2 Ne5 10. Bg5 Bg4 11. f3 Bd7 12. Qd2 Kh7 13. Nf1 a6 14. Ne3 b5 15. cxb5 axb5 16. Bxb5 Bxb5 17. Nxb5 Qb6 18. a4 Rfb8 19. 0-0 Qa5 20. Qxa5 Rxa5 21. Rfc1 Nd3 22. Nc4 Raxb5 23. axb5 Nxc1 24. Bxc1 Rxb5 25. Ra7 Ng8 26. Ra4 Bd4+ 27. Kf1 Kg7 28. Ke2 Nf6 29. Kd3 Bf2 30. Bg5 Rb7 31. Ke2 Bg3 32. Kd3 Nh7 33. Be3 Bxh4 34. Ra1 Bf6 35. Rh1 Rb3+ 36. Kc2 Rb4 37. b3 Nf8 38. Rb1 Nd7 39. Bd2 Rb8 40. Bc3 Bxc3 41. Kxc3 h4 42. Rh1 g5 43. f4 f6 44. Ne3 Rb4 45. Nc4 0-1

[Event "Marrakesh op 1st"]
[Site "Marrakesh"]
[Date "2010.06.28"]
[Round "5"]
[White "Cossin, Sebastien"]
[Black "Ali, Sebbar"]
[Result "1/2-1/2"]
[WhiteElo "2494"]
[BlackElo "2290"]
[PlyCount "97"]
[EventDate "2010.06.26"]
[EventType "swiss"]
[EventRounds "9"]
[EventCountry "MAR"]
[SourceTitle "CBM 137 Extra"]
[Source "ChessBase"]
[SourceDate "2010.09.01"]
[SourceVersion "1"]
[SourceVersionDate "2010.09.01"]
[SourceQuality "1"]

1. d4 Nf6 2. c4 g6 3. Nc3 Bg7 4. e4 0-0 5. Nf3 d6 6. Be2 e5 7. 0-0 Nc6 8. d5 Ne7 9. Ne1 Nd7 10. Be3 f5 11. f3 f4 12. Bf2 g5 13. Rc1 Ng6 14. c5 Nf6 15. Nd3 h5 16. cxd6 cxd6 17. Nb5 Rf7 18. Nxa7 Bd7 19. Qb3 g4 20. Bb6 Qe7 21. Rc7 g3 22. h3 Ne8 23. Rxb7 Qh4 24. Rxd7 Rxd7 25. Nc6 Rb7 26. a4 Bf6 27. a5 Bd8 28. Nxd8 Qxd8 29. Rc1 Qd7 30. Nb4 Ne7 31. Rc6 Nc8 32. Ba6 Nxb6 33. Bxb7 Qxb7 34. Nc2 Qa6 35. Qxb6 Qe2 36. Kh1 Qf2 37. Na3 Rb8 38. Qxf2 gxf2 39. Rc1 Rxb2 40. Rf1 Re2 41. Kh2 h4 42. a6 Ra2 43. Nb5 Rxa6 44. Rxf2 Ra1 45. Rb2 Nf6 46. Nc3 Rc1 47. Ne2 Re1 48. Nc3 Rc1 49. Ne2 1/2-1/2